Normal view
MARC view
- Academic writing--Research
Entry Topical Term
001 - CONTROL NUMBER
- control field: 4003
003 - CONTROL NUMBER IDENTIFIER
- control field: NUST
005 - DATE AND TIME OF LATEST TRANSACTION
- control field: 20170823121351.0
008 - FIXED-LENGTH DATA ELEMENTS
- fixed length control field: 170823|| aca||aabn | a|a d
040 ## - CATALOGING SOURCE
- Original cataloging agency: NUST
- Transcribing agency: NUST
150 ## - HEADING--TOPICAL TERM
- Topical term or geographic name entry element: Academic writing--Research
670 ## - SOURCE DATA FOUND
- Source citation: Work cat.: (NUST)0: Ridley, Diana 4002, The literature review : a step by step guide for students, 2012
